Score 0/11 Timer 05:00
0 Plays Today
Year Debuted Game Show % Correct
1972The Price is Right
92.5%
1975Wheel of Fortune
90.6%
1964 and 1984Jeopardy!
89.5%
1963Let's Make a Deal
38.7%
1966Hollywood Squares
31.7%
1950What's My Line?
27.3%
1956To Tell the Truth
23.4%
1958 (revival: 1987)Concentration
14.2%
1952I've Got a Secret
12.6%
1950Truth or Consequences
10.7%
1950You Bet Your Life
7.1%

You're not logged in!

Compare scores with friends on all Sporcle quizzes.
OR
Log In

Sporcle TV

Today on Sporcle TV


Watch our educational content, quiz creation guides, and fun videos on Sporcle TV.

Show Comments

Extras

Top Quizzes Today


Score Distribution

Paid Content

Your Account Isn't Verified!

In order to create a playlist on Sporcle, you need to verify the email address you used during registration. Go to your Sporcle Settings to finish the process.

Report this User

Report this user for behavior that violates our Community Guidelines.

Details: